Games of strategy

Saved in:
Bibliographic Details
Main Author: Dixit, Avinash
Other Authors: Skeath, Susan, Reiley, David H.
Format: Book
Language:English
Published: New York W.W. Norton & Company 2009
Edition:3rd ed.
Subjects:
Tags: Add Tag
No Tags, Be the first to tag this record!

MARC

LEADER 00000nam$a2200000$$$4500
001 0116619
005 20240226124302.1
020 |a 978-0-393-11751-6 
041 0 |a eng 
044 |a US 
245 1 0 |a Games of strategy  |c Avinash Dixit, Susan Skeath, David Reiley 
250 |a 3rd ed. 
264 1 |a New York  |b W.W. Norton & Company  |c 2009 
300 |a 794 s. 
610 2 0 |a teória hier 
610 2 0 |a hry ekonomické 
610 2 0 |a rovnováha hospodárska 
610 2 0 |a informácie 
610 2 0 |a rozhodovanie 
610 2 0 |a výskum operačný 
100 1 |a Dixit, Avinash 
700 1 |a Skeath, Susan 
700 1 |a Reiley, David H.